[Event "European Online Club-ch-H 2021"]
[Site "Online"]
[Date "2021.03.27"]
[Round "7.18"]
[White "Roux, Olivier"]
[Black "Danada, Tomas"]
[Result "1/2-1/2"]
[WhiteElo "2156"]
[BlackElo "2321"]
[Annotator "NA"]
[PlyCount "158"]
[EventDate "2021.03.27"]
[EventType "team-tourn"]
[EventCountry "NET"]
[SourceTitle "playchess.com"]
[Source "ChessBase"]
[SourceQuality "1"]
[TimeControl "900+5"]

1. e4 {[%emt 0:00:00]} c5 {[%emt 0:00:03]} 2. Nf3 {[%emt 0:00:03]} Nc6 {[%emt 0:00:04]} 3. d4 {[%emt 0:00:02]} cxd4 {[%emt 0:00:02]} 4. Nxd4 {[%emt 0:00:01]} Nf6 {[%emt 0:00:01]} 5. Nc3 {[%emt 0:00:02]} d6 {[%emt 0:00:02]} 6. Be2 {[%emt 0:00:08]} e5 {[%emt 0:00:02]} 7. Nf3 {[%emt 0:00:45]} h6 {[%emt 0:00:02]} 8. O-O {[%emt 0:00:04]} Be7 {[%emt 0:00:01]} 9. h3 {[%emt 0:00:14]} Be6 {[%emt 0:00:04]} 10. Be3 {[%emt 0:00:33]} Rc8 {[%emt 0:00:38]} 11. Bb5 {[%emt 0:00:24]} a6 {[%emt 0:00:05]} 12. Ba4 {[%emt 0:00:08]} O-O {[%emt 0:00:13]} 13. Bb3 {[%emt 0:00:25]} Na5 {[%emt 0:00:41]} 14. Bxe6 {[%emt 0:00:27]} fxe6 {[%emt 0:00:02]} 15. Qd3 {[%emt 0:00:13]} Nc4 {[%emt 0:00:07]} 16. Bc1 {[%emt 0:00:23]} d5 {[%emt 0:01:08]} 17. b3 {[%emt 0:00:17]} dxe4 {[%emt 0:00:16]} 18. Nxe4 {[%emt 0:00:08]} Qxd3 {[%emt 0:00:50]} 19. cxd3 {[%emt 0:00:05]} Nxe4 {[%emt 0:02:03]} 20. dxe4 {[%emt 0:01:02]} Nd6 {[%emt 0:00:27]} 21. Re1 {[%emt 0:00:15]} Nf7 {[%emt 0:00:15]} 22. Re2 {[%emt 0:00:37]} Rfd8 {[%emt 0:00:23]} 23. Bb2 {[%emt 0:00:05]} Bf6 {[%emt 0:00:04]} 24. Kf1 {[%emt 0:00:18]} Rc5 {[%emt 0:02:11]} 25. Rc1 {[%emt 0:00:20]} Rxc1+ {[%emt 0:00:25]} 26. Bxc1 {[%emt 0:00:03]} Rd1+ {[%emt 0:00:30]} 27. Re1 {[%emt 0:00:03]} Rd7 {[%emt 0:00:03]} 28. Bb2 {[%emt 0:00:16]} Kf8 {[%emt 0:00:23]} 29. Ke2 {[%emt 0:00:14]} Ke8 {[%emt 0:00:06]} 30. Rc1 {[%emt 0:00:07]} Kd8 {[%emt 0:00:21]} 31. Rc5 {[%emt 0:00:12]} Rc7 {[%emt 0:00:05]} 32. Rxc7 {[%emt 0:01:08]} Kxc7 {[%emt 0:00:09]} 33. h4 {[%emt 0:00:20]} h5 {[%emt 0:00:14]} 34. g3 {[%emt 0:00:22]} b5 {[%emt 0:00:42]} 35. Kd3 {[%emt 0:00:07]} Kc6 {[%emt 0:00:06]} 36. a4 {[%emt 0:00:14]} Kc5 {[%emt 0:00:32]} 37. Ba3+ {[%emt 0:00:20]} Kc6 {[%emt 0:00:04]} 38. axb5+ {[%emt 0:00:16]} axb5 {[%emt 0:00:02]} 39. Kc3 {[%emt 0:00:22]} Nh6 {[%emt 0:00:14]} 40. Ne1 {[%emt 0:00:21]} Ng4 {[%emt 0:00:17]} 41. Nd3 {[%emt 0:00:03]} Nh2 {[%emt 0:00:25]} 42. Bc1 {[%emt 0:01:09]} Nf3 {[%emt 0:00:42]} 43. Nb4+ {[%emt 0:00:19]} Kd6 {[%emt 0:00:16]} 44. Be3 {[%emt 0:00:05]} Nd4 {[%emt 0:00:12]} 45. Nd3 {[%emt 0:00:46]} Nc6 {[%emt 0:00:51]} 46. Bc5+ {[%emt 0:00:31]} Kc7 {[%emt 0:00:06]} 47. Be3 {[%emt 0:01:15]} Kd6 {[%emt 0:00:13]} 48. b4 {[%emt 0:00:24]} Nd4 {[%emt 0:00:20]} 49. Nxe5 {[%emt 0:01:39]} Kxe5 {[%emt 0:00:41]} 50. Kd3 {[%emt 0:00:14]} Ne2 {[%emt 0:00:26]} 51. f4+ {[%emt 0:00:04]} Kd6 {[%emt 0:00:02]} 52. Kxe2 {[%emt 0:00:06]} Bc3 {[%emt 0:00:07]} 53. Bc5+ {[%emt 0:00:02]} Kd7 {[%emt 0:00:18]} 54. Kf3 {[%emt 0:00:02]} g6 {[%emt 0:00:19]} 55. g4 {[%emt 0:00:02]} Be1 {[%emt 0:00:02]} 56. f5 {[%emt 0:00:10]} exf5 {[%emt 0:00:09]} 57. exf5 {[%emt 0:00:04]} hxg4+ {[%emt 0:00:24]} 58. Kxg4 {[%emt 0:00:04]} gxf5+ {[%emt 0:00:02]} 59. Kh3 {[%emt 0:00:08]} Ke6 {[%emt 0:00:05]} 60. h5 {[%emt 0:00:01]} Kf6 {[%emt 0:00:06]} 61. Kg2 {[%emt 0:00:20]} Kg5 {[%emt 0:00:04]} 62. Kf3 {[%emt 0:00:05]} Bd2 {[%emt 0:00:08]} 63. Ke2 {[%emt 0:00:25]} Bc1 {[%emt 0:00:02]} 64. Kd3 {[%emt 0:00:03]} Kxh5 {[%emt 0:00:03]} 65. Bd6 {[%emt 0:00:01]} Kg4 {[%emt 0:00:04]} 66. Kd4 {[%emt 0:00:02]} Bf4 {[%emt 0:00:14]} 67. Bc5 {[%emt 0:00:03]} Bh2 {[%emt 0:00:06]} 68. Kd5 {[%emt 0:00:11]} f4 {[%emt 0:00:02]} 69. Kc6 {[%emt 0:00:02]} f3 {[%emt 0:00:02]} 70. Kxb5 {[%emt 0:00:01]} Kf5 {[%emt 0:00:06]} 71. Kc6 {[%emt 0:00:02]} Ke4 {[%emt 0:00:03]} 72. b5 {[%emt 0:00:02]} Be5 {[%emt 0:00:13]} 73. b6 {[%emt 0:00:02]} Kd3 {[%emt 0:00:06]} 74. b7 {[%emt 0:00:02]} Ke2 {[%emt 0:00:04]} 75. Bd6 {[%emt 0:00:05]} Bxd6 {[%emt 0:00:02]} 76. Kxd6 {[%emt 0:00:02]} f2 {[%emt 0:00:01]} 77. b8=Q {[%emt 0:00:03]} f1=Q {[%emt 0:00:02]} 78. Qb5+ {[%emt 0:00:01]} Ke1 {[%emt 0:00:02]} 79. Qxf1+ {[%emt 0:00:04]} Kxf1 {[%emt 0:00:01]} 1/2-1/2

[Event "European Online Club-ch-H 2021"]
[Site "Online"]
[Date "2021.03.27"]
[Round "7.19"]
[White "Zambor, Norbert"]
[Black "Kirszenberg, Marc"]
[Result "1-0"]
[WhiteElo "2260"]
[BlackElo "2130"]
[Annotator "NA"]
[PlyCount "63"]
[EventDate "2021.03.27"]
[EventType "team-tourn"]
[EventCountry "NET"]
[SourceTitle "playchess.com"]
[Source "ChessBase"]
[SourceQuality "1"]
[TimeControl "900+5"]

1. e4 {[%emt 0:00:00]} c6 {[%emt 0:00:03]} 2. d4 {[%emt 0:00:09]} d5 {[%emt 0:00:02]} 3. e5 {[%emt 0:00:19]} Bf5 {[%emt 0:00:03]} 4. Nd2 {[%emt 0:00:34]} e6 {[%emt 0:00:02]} 5. Nb3 {[%emt 0:00:03]} Nd7 {[%emt 0:00:02]} 6. Nf3 {[%emt 0:00:04]} h6 {[%emt 0:00:46]} 7. Be2 {[%emt 0:00:07]} Ne7 {[%emt 0:00:07]} 8. O-O {[%emt 0:00:07]} g5 {[%emt 0:00:07]} 9. a4 {[%emt 0:00:11]} a6 {[%emt 0:00:04]} 10. a5 {[%emt 0:00:06]} Bg7 {[%emt 0:00:16]} 11. Ne1 {[%emt 0:01:12]} c5 {[%emt 0:00:23]} 12. c3 {[%emt 0:00:21]} Nc6 {[%emt 0:00:19]} 13. f4 {[%emt 0:01:34]} c4 {[%emt 0:01:48]} 14. Nd2 {[%emt 0:00:04]} Nxa5 {[%emt 0:00:08]} 15. g4 {[%emt 0:00:12]} Bh7 {[%emt 0:00:15]} 16. f5 {[%emt 0:00:02]} Qb6 {[%emt 0:00:23]} 17. Kg2 {[%emt 0:01:22]} O-O-O {[%emt 0:01:12]} 18. Qa4 {[%emt 0:00:44]} Nc6 {[%emt 0:00:03]} 19. b3 {[%emt 0:00:18]} cxb3 {[%emt 0:03:02]} 20. Nxb3 {[%emt 0:00:12]} h5 {[%emt 0:00:19]} 21. h3 {[%emt 0:00:24]} hxg4 {[%emt 0:00:05]} 22. hxg4 {[%emt 0:00:03]} Ndxe5 {[%emt 0:00:41]} 23. dxe5 {[%emt 0:00:11]} Bxe5 {[%emt 0:00:05]} 24. Nd4 {[%emt 0:02:47]} Nxd4 {[%emt 0:00:53]} 25. cxd4 {[%emt 0:00:11]} Qxd4 {[%emt 0:00:02]} 26. Qxd4 {[%emt 0:01:07]} Bxd4 {[%emt 0:00:02]} 27. Ra4 {[%emt 0:00:21]} Bb6 {[%emt 0:01:05]} 28. Bxg5 {[%emt 0:00:47]} Rdg8 {[%emt 0:00:03]} 29. Bf6 {[%emt 0:00:02]} Bxf5 {[%emt 0:00:24]} 30. Bxh8 {[%emt 0:00:08]} Rxh8 {[%emt 0:00:20]} 31. gxf5 {[%emt 0:00:05]} Rg8+ {[%emt 0:00:08]} 32. Rg4 {[%emt 0:00:10]} 1-0

[Event "European Online Club-ch-H 2021"]
[Site "Online"]
[Date "2021.03.27"]
[Round "7.20"]
[White "Coupet, Pascal"]
[Black "Kusiak, Matej"]
[Result "1-0"]
[WhiteElo "2233"]
[BlackElo "2251"]
[Annotator "NA"]
[PlyCount "107"]
[EventDate "2021.03.27"]
[EventType "team-tourn"]
[EventCountry "NET"]
[SourceTitle "playchess.com"]
[Source "ChessBase"]
[SourceQuality "1"]
[TimeControl "900+5"]

1. e4 {[%emt 0:00:00]} c6 {[%emt 0:00:13]} 2. d4 {[%emt 0:00:22]} d5 {[%emt 0:00:03]} 3. exd5 {[%emt 0:00:02]} cxd5 {[%emt 0:00:03]} 4. Bd3 {[%emt 0:00:01]} Nc6 {[%emt 0:00:01]} 5. c3 {[%emt 0:00:03]} Nf6 {[%emt 0:00:02]} 6. Bf4 {[%emt 0:00:02]} Qb6 {[%emt 0:00:07]} 7. Qb3 {[%emt 0:01:24]} Qxb3 {[%emt 0:00:45]} 8. axb3 {[%emt 0:00:00]} e6 {[%emt 0:00:01]} 9. b4 {[%emt 0:00:16]} Bd7 {[%emt 0:00:04]} 10. Nf3 {[%emt 0:00:12]} Nh5 {[%emt 0:00:24]} 11. Be3 {[%emt 0:00:11]} Bd6 {[%emt 0:00:05]} 12. b5 {[%emt 0:00:45]} Ne7 {[%emt 0:00:37]} 13. Ne5 {[%emt 0:00:19]} f6 {[%emt 0:00:07]} 14. Nxd7 {[%emt 0:01:30]} Kxd7 {[%emt 0:00:03]} 15. g3 {[%emt 0:00:11]} g6 {[%emt 0:01:11]} 16. Nd2 {[%emt 0:00:14]} Nf5 {[%emt 0:00:11]} 17. Ke2 {[%emt 0:00:36]} Nxe3 {[%emt 0:00:04]} 18. fxe3 {[%emt 0:00:03]} f5 {[%emt 0:00:06]} 19. Rhc1 {[%emt 0:01:15]} Nf6 {[%emt 0:00:24]} 20. c4 {[%emt 0:00:13]} dxc4 {[%emt 0:00:04]} 21. Nxc4 {[%emt 0:00:04]} Bc7 {[%emt 0:01:49]} 22. Ra4 {[%emt 0:01:37]} Bb6 {[%emt 0:01:01]} 23. Rca1 {[%emt 0:01:29]} Rab8 {[%emt 0:00:06]} 24. Ne5+ {[%emt 0:00:36]} Ke7 {[%emt 0:00:08]} 25. Rxa7 {[%emt 0:00:14]} Bxa7 {[%emt 0:00:10]} 26. Rxa7 {[%emt 0:00:00]} Nd7 {[%emt 0:00:04]} 27. Nc6+ {[%emt 0:00:14]} bxc6 {[%emt 0:00:09]} 28. bxc6 {[%emt 0:00:02]} Rbd8 {[%emt 0:00:02]} 29. Bb5 {[%emt 0:00:03]} Kd6 {[%emt 0:00:03]} 30. cxd7 {[%emt 0:00:03]} Rb8 {[%emt 0:00:01]} 31. Ra5 {[%emt 0:00:54]} Rb6 {[%emt 0:00:23]} 32. b3 {[%emt 0:00:06]} Rhb8 {[%emt 0:00:09]} 33. Ba4 {[%emt 0:00:02]} R6b7 {[%emt 0:00:03]} 34. Ra6+ {[%emt 0:00:02]} Ke7 {[%emt 0:00:02]} 35. e4 {[%emt 0:00:07]} fxe4 {[%emt 0:05:26]} 36. Ke3 {[%emt 0:00:07]} Rxb3+ {[%emt 0:00:04]} 37. Bxb3 {[%emt 0:00:04]} Rxb3+ {[%emt 0:00:03]} 38. Kxe4 {[%emt 0:00:03]} Kxd7 {[%emt 0:00:01]} 39. Ra7+ {[%emt 0:00:02]} Kd6 {[%emt 0:00:02]} 40. Rxh7 {[%emt 0:00:02]} Rb1 {[%emt 0:00:02]} 41. Rg7 {[%emt 0:00:09]} Re1+ {[%emt 0:00:01]} 42. Kd3 {[%emt 0:00:07]} Rd1+ {[%emt 0:00:07]} 43. Ke3 {[%emt 0:00:03]} Re1+ {[%emt 0:00:02]} 44. Kf2 {[%emt 0:00:06]} Rd1 {[%emt 0:00:05]} 45. Rxg6 {[%emt 0:00:04]} Rxd4 {[%emt 0:00:02]} 46. h4 {[%emt 0:00:03]} Ke5 {[%emt 0:00:01]} 47. h5 {[%emt 0:00:53]} Kf5 {[%emt 0:01:05]} 48. Rg8 {[%emt 0:00:02]} e5 {[%emt 0:00:56]} 49. h6 {[%emt 0:00:34]} Rd7 {[%emt 0:00:14]} 50. Rg7 {[%emt 0:00:44]} Rd8 {[%emt 0:01:53]} 51. Ke3 {[%emt 0:00:31]} Kf6 {[%emt 0:00:12]} 52. g4 {[%emt 0:00:04]} Rh8 {[%emt 0:00:03]} 53. g5+ {[%emt 0:00:02]} Kf5 {[%emt 0:00:02]} 54. h7 {[%emt 0:00:18]} 1-0

[Event "European Online Club-ch-H 2021"]
[Site "Online"]
[Date "2021.03.27"]
[Round "8.1"]
[White "Samani, Yamac"]
[Black "Vaisser, Anatoly"]
[Result "1-0"]
[WhiteElo "2246"]
[BlackElo "2501"]
[Annotator "ChessBase"]
[PlyCount "83"]
[EventDate "2021.03.27"]
[EventType "team-tourn"]
[EventCountry "NET"]
[SourceTitle "playchess.com"]
[Source "ChessBase"]
[SourceQuality "1"]
[TimeControl "900+5"]

1. e4 {[%emt 0:00:00]} e6 {[%emt 0:00:05]} 2. d4 {[%emt 0:00:37]} d5 {[%emt 0:00:04]} 3. exd5 {[%emt 0:00:01]} exd5 {[%emt 0:00:03]} 4. Nf3 {[%emt 0:00:02]} Nc6 {[%emt 0:00:02]} 5. Bd3 {[%emt 0:00:07]} Bd6 {[%emt 0:00:06]} 6. O-O {[%emt 0:00:05]} Nge7 {[%emt 0:00:06]} 7. c3 {[%emt 0:00:10]} Bg4 {[%emt 0:00:33]} 8. Re1 {[%emt 0:00:07]} Qd7 {[%emt 0:00:14]} 9. Nbd2 {[%emt 0:00:09]} O-O-O {[%emt 0:00:12]} 10. b4 {[%emt 0:00:20]} Ng6 {[%emt 0:00:18]} 11. b5 {[%emt 0:01:11]} Nce7 {[%emt 0:00:12]} 12. Bf1 {[%emt 0:00:23]} Nh4 {[%emt 0:01:58]} 13. Be2 {[%emt 0:01:25]} Nxf3+ {[%emt 0:00:27]} 14. Bxf3 {[%emt 0:00:22]} Bxf3 {[%emt 0:00:11]} 15. Qxf3 {[%emt 0:00:10]} Qxb5 {[%emt 0:00:55]} 16. Qxf7 {[%emt 0:00:48]} Rdf8 {[%emt 0:00:10]} 17. Qe6+ {[%emt 0:00:08]} Kb8 {[%emt 0:00:07]} 18. c4 {[%emt 0:01:04]} dxc4 {[%emt 0:00:16]} 19. Nxc4 {[%emt 0:00:36]} Rf6 {[%emt 0:00:41]} 20. Qe2 {[%emt 0:00:35]} Nc8 {[%emt 0:01:39]} 21. Be3 {[%emt 0:00:28]} b6 {[%emt 0:00:41]} 22. a4 {[%emt 0:00:53]} Qd5 {[%emt 0:00:07]} 23. Rab1 {[%emt 0:01:45]} Rg6 {[%emt 0:00:14]} 24. g3 {[%emt 0:00:04]} h5 {[%emt 0:00:27]} 25. Rb5 {[%emt 0:00:03]} Qe4 {[%emt 0:00:29]} 26. Rxh5 {[%emt 0:00:39]} Rxh5 {[%emt 0:01:29]} 27. Qxh5 {[%emt 0:00:02]} Rh6 {[%emt 0:00:02]} 28. Qe2 {[%emt 0:00:47]} Rh8 {[%emt 0:00:47]} 29. f3 {[%emt 0:00:25]} Qd5 {[%emt 0:00:12]} 30. Rc1 {[%emt 0:00:38]} Rf8 {[%emt 0:00:33]} 31. f4 {[%emt 0:00:58]} Re8 {[%emt 0:00:38]} 32. Ne5 {[%emt 0:00:03]} Ne7 {[%emt 0:00:06]} 33. Qg2 {[%emt 0:00:16]} Qxg2+ {[%emt 0:00:20]} 34. Kxg2 {[%emt 0:00:03]} Nd5 {[%emt 0:00:02]} 35. Kf3 {[%emt 0:00:09]} Kb7 {[%emt 0:00:23]} 36. h4 {[%emt 0:00:02]} Ka6 {[%emt 0:00:23]} 37. Bd2 {[%emt 0:00:07]} c5 {[%emt 0:00:10]} 38. dxc5 {[%emt 0:00:08]} Bxc5 {[%emt 0:00:03]} 39. h5 {[%emt 0:00:19]} Ba3 {[%emt 0:00:27]} 40. Rc6 {[%emt 0:00:11]} Bb2 {[%emt 0:00:14]} 41. Nd3 {[%emt 0:00:22]} Bf6 {[%emt 0:00:09]} 42. Nc5# {[%emt 0:00:06]} 1-0

[Event "European Online Club-ch-H 2021"]
[Site "Online"]
[Date "2021.03.27"]
[Round "8.2"]
[White "Roux, Olivier"]
[Black "Agdelen, Huseyin Can"]
[Result "0-1"]
[WhiteElo "2156"]
[BlackElo "2206"]
[Annotator "NA"]
[PlyCount "98"]
[EventDate "2021.03.27"]
[EventType "team-tourn"]
[EventCountry "NET"]
[SourceTitle "playchess.com"]
[Source "ChessBase"]
[SourceQuality "1"]
[TimeControl "900+5"]

1. e4 {[%emt 0:00:00]} c5 {[%emt 0:00:05]} 2. Nf3 {[%emt 0:00:02]} d6 {[%emt 0:00:02]} 3. d4 {[%emt 0:00:02]} cxd4 {[%emt 0:00:02]} 4. Qxd4 {[%emt 0:00:02]} Nf6 {[%emt 0:00:28]} 5. Bb5+ {[%emt 0:00:10]} Bd7 {[%emt 0:00:17]} 6. Bxd7+ {[%emt 0:00:03]} Qxd7 {[%emt 0:00:01]} 7. O-O {[%emt 0:00:05]} Nc6 {[%emt 0:00:04]} 8. Qd3 {[%emt 0:00:09]} Rc8 {[%emt 0:00:14]} 9. c4 {[%emt 0:00:08]} Qe6 {[%emt 0:00:31]} 10. Nbd2 {[%emt 0:01:03]} g6 {[%emt 0:00:27]} 11. Qb3 {[%emt 0:01:09]} b6 {[%emt 0:01:41]} 12. Ng5 {[%emt 0:00:16]} Qg4 {[%emt 0:00:16]} 13. Ndf3 {[%emt 0:00:07]} h6 {[%emt 0:00:05]} 14. Nh3 {[%emt 0:00:52]} Nxe4 {[%emt 0:00:19]} 15. Nd2 {[%emt 0:00:24]} Nc5 {[%emt 0:00:12]} 16. Qc3 {[%emt 0:00:09]} Qd4 {[%emt 0:00:02]} 17. Qf3 {[%emt 0:00:14]} Bg7 {[%emt 0:00:33]} 18. Rb1 {[%emt 0:00:29]} Ne5 {[%emt 0:00:30]} 19. Qa3 {[%emt 0:00:09]} O-O {[%emt 0:00:34]} 20. Qxa7 {[%emt 0:00:12]} g5 {[%emt 0:05:33]} 21. Nb3 {[%emt 0:00:22]} Qe4 {[%emt 0:00:10]} 22. Be3 {[%emt 0:00:10]} Ra8 {[%emt 0:00:30]} 23. Qxb6 {[%emt 0:00:52]} Rfb8 {[%emt 0:00:05]} 24. Nxc5 {[%emt 0:00:02]} dxc5 {[%emt 0:00:14]} 25. Qxc5 {[%emt 0:00:05]} Nxc4 {[%emt 0:00:13]} 26. b4 {[%emt 0:02:19]} Rc8 {[%emt 0:00:22]} 27. Nxg5 {[%emt 0:00:25]} hxg5 {[%emt 0:00:13]} 28. Qxg5 {[%emt 0:00:03]} Nxe3 {[%emt 0:00:41]} 29. Qxe3 {[%emt 0:00:40]} Qxe3 {[%emt 0:00:09]} 30. fxe3 {[%emt 0:00:01]} Rxa2 {[%emt 0:00:04]} 31. Rf2 {[%emt 0:00:02]} Ra3 {[%emt 0:00:02]} 32. Re2 {[%emt 0:00:03]} Bh6 {[%emt 0:00:05]} 33. Kf2 {[%emt 0:00:07]} Rcc3 {[%emt 0:00:04]} 34. e4 {[%emt 0:00:03]} Be3+ {[%emt 0:00:09]} 35. Kf1 {[%emt 0:00:05]} Bd4 {[%emt 0:00:19]} 36. b5 {[%emt 0:00:14]} Rcb3 {[%emt 0:00:04]} 37. Rd1 {[%emt 0:00:09]} e5 {[%emt 0:00:02]} 38. g3 {[%emt 0:00:06]} Rxb5 {[%emt 0:00:03]} 39. Kg2 {[%emt 0:00:02]} Kg7 {[%emt 0:00:05]} 40. Rf1 {[%emt 0:00:03]} Rbb3 {[%emt 0:00:03]} 41. Rd1 {[%emt 0:00:14]} Kg6 {[%emt 0:00:08]} 42. Rdd2 {[%emt 0:00:20]} Re3 {[%emt 0:00:06]} 43. Rc2 {[%emt 0:00:13]} Kg5 {[%emt 0:00:15]} 44. Rf2 {[%emt 0:00:08]} Ra7 {[%emt 0:00:43]} 45. Rc6 {[%emt 0:01:24]} Rxe4 {[%emt 0:00:38]} 46. Rf1 {[%emt 0:01:21]} Ra2+ {[%emt 0:00:13]} 47. Kh3 {[%emt 0:00:44]} Ree2 {[%emt 0:00:09]} 48. Rh1 {[%emt 0:00:02]} Bg1 {[%emt 0:00:07]} 49. g4 {[%emt 0:00:16]} Re3# {[%emt 0:00:03]} 0-1

[Event "European Online Club-ch-H 2021"]
[Site "Online"]
[Date "2021.03.27"]
[Round "8.3"]
[White "Sertbay, Huseyin"]
[Black "Kirszenberg, Marc"]
[Result "1/2-1/2"]
[WhiteElo "2101"]
[BlackElo "2130"]
[Annotator "NA"]
[PlyCount "96"]
[EventDate "2021.03.27"]
[EventType "team-tourn"]
[EventCountry "NET"]
[SourceTitle "playchess.com"]
[Source "ChessBase"]
[SourceQuality "1"]
[TimeControl "900+5"]

1. d4 {[%emt 0:00:00]} d5 {[%emt 0:00:02]} 2. c4 {[%emt 0:00:02]} c6 {[%emt 0:00:01]} 3. cxd5 {[%emt 0:00:01]} cxd5 {[%emt 0:00:01]} 4. Bg5 {[%emt 0:00:01]} h6 {[%emt 0:00:02]} 5. Bh4 {[%emt 0:00:01]} Qb6 {[%emt 0:00:02]} 6. Nc3 {[%emt 0:00:02]} e5 {[%emt 0:00:11]} 7. Nxd5 {[%emt 0:01:44]} Bb4+ {[%emt 0:00:13]} 8. Nxb4 {[%emt 0:00:40]} Qxb4+ {[%emt 0:00:02]} 9. Qd2 {[%emt 0:00:00]} Qxd2+ {[%emt 0:00:02]} 10. Kxd2 {[%emt 0:00:01]} exd4 {[%emt 0:00:01]} 11. Nf3 {[%emt 0:00:03]} Nc6 {[%emt 0:00:03]} 12. b4 {[%emt 0:00:40]} Nxb4 {[%emt 0:00:50]} 13. Nxd4 {[%emt 0:00:02]} Ne7 {[%emt 0:00:08]} 14. e4 {[%emt 0:00:13]} Nbc6 {[%emt 0:00:19]} 15. Bb5 {[%emt 0:00:06]} Bd7 {[%emt 0:00:11]} 16. Nxc6 {[%emt 0:02:15]} Bxc6 {[%emt 0:00:46]} 17. Bxc6+ {[%emt 0:00:03]} Nxc6 {[%emt 0:00:14]} 18. Rab1 {[%emt 0:00:04]} g5 {[%emt 0:00:13]} 19. Bg3 {[%emt 0:00:02]} O-O-O+ {[%emt 0:00:03]} 20. Ke3 {[%emt 0:00:15]} Rhe8 {[%emt 0:00:06]} 21. Rhd1 {[%emt 0:00:19]} Rxd1 {[%emt 0:00:04]} 22. Rxd1 {[%emt 0:00:01]} f5 {[%emt 0:00:04]} 23. Bd6 {[%emt 0:01:51]} Rxe4+ {[%emt 0:00:10]} 24. Kf3 {[%emt 0:00:02]} Rd4 {[%emt 0:00:20]} 25. Rxd4 {[%emt 0:00:09]} Nxd4+ {[%emt 0:00:02]} 26. Ke3 {[%emt 0:00:11]} Ne6 {[%emt 0:00:18]} 27. f3 {[%emt 0:01:17]} Kd7 {[%emt 0:00:02]} 28. Ba3 {[%emt 0:00:02]} b5 {[%emt 0:00:05]} 29. g4 {[%emt 0:00:02]} fxg4 {[%emt 0:00:09]} 30. fxg4 {[%emt 0:00:01]} a5 {[%emt 0:00:03]} 31. Ke4 {[%emt 0:00:05]} b4 {[%emt 0:00:13]} 32. Bb2 {[%emt 0:00:03]} Ke7 {[%emt 0:00:19]} 33. Kd5 {[%emt 0:00:38]} Nf4+ {[%emt 0:00:04]} 34. Kc4 {[%emt 0:00:02]} Ke6 {[%emt 0:00:38]} 35. Bg7 {[%emt 0:00:20]} h5 {[%emt 0:00:07]} 36. gxh5 {[%emt 0:00:01]} Nxh5 {[%emt 0:00:02]} 37. Bd4 {[%emt 0:00:01]} Nf4 {[%emt 0:00:11]} 38. Kb5 {[%emt 0:00:09]} Kd5 {[%emt 0:00:11]} 39. Bf6 {[%emt 0:00:03]} Ne6 {[%emt 0:00:08]} 40. Kxa5 {[%emt 0:00:05]} Kc4 {[%emt 0:00:02]} 41. Be7 {[%emt 0:00:08]} b3 {[%emt 0:00:01]} 42. axb3+ {[%emt 0:00:04]} Kxb3 {[%emt 0:00:02]} 43. Bxg5 {[%emt 0:00:41]} Nxg5 {[%emt 0:00:04]} 44. h4 {[%emt 0:00:01]} Kc4 {[%emt 0:01:03]} 45. hxg5 {[%emt 0:00:36]} Kd5 {[%emt 0:00:01]} 46. g6 {[%emt 0:00:02]} Ke6 {[%emt 0:00:01]} 47. g7 {[%emt 0:00:01]} Kf7 {[%emt 0:00:02]} 48. g8=Q+ {[%emt 0:00:03]} Kxg8 {[%emt 0:00:01]} 1/2-1/2

[Event "European Online Club-ch-H 2021"]
[Site "Online"]
[Date "2021.03.27"]
[Round "8.4"]
[White "Coupet, Pascal"]
[Black "Atasoy, Ata"]
[Result "1-0"]
[WhiteElo "2233"]
[BlackElo "1636"]
[Annotator "NA"]
[PlyCount "57"]
[EventDate "2021.03.27"]
[EventType "team-tourn"]
[EventCountry "NET"]
[SourceTitle "playchess.com"]
[Source "ChessBase"]
[SourceQuality "1"]
[TimeControl "900+5"]

1. e4 {[%emt 0:00:00]} c5 {[%emt 0:00:02]} 2. Nf3 {[%emt 0:00:05]} e6 {[%emt 0:00:01]} 3. c3 {[%emt 0:00:01]} d5 {[%emt 0:00:02]} 4. exd5 {[%emt 0:00:00]} Qxd5 {[%emt 0:00:03]} 5. d4 {[%emt 0:00:03]} Nf6 {[%emt 0:00:11]} 6. Na3 {[%emt 0:00:10]} Be7 {[%emt 0:00:30]} 7. Be3 {[%emt 0:00:15]} cxd4 {[%emt 0:00:03]} 8. Nb5 {[%emt 0:00:03]} Na6 {[%emt 0:00:16]} 9. Bxd4 {[%emt 0:00:58]} O-O {[%emt 0:01:11]} 10. Be2 {[%emt 0:01:23]} Rd8 {[%emt 0:00:30]} 11. O-O {[%emt 0:00:13]} Bd7 {[%emt 0:00:17]} 12. a4 {[%emt 0:00:24]} Bxb5 {[%emt 0:01:24]} 13. axb5 {[%emt 0:00:26]} Nc5 {[%emt 0:00:06]} 14. Ne5 {[%emt 0:00:45]} Nb3 {[%emt 0:00:59]} 15. Bc4 {[%emt 0:00:48]} Qxe5 {[%emt 0:00:49]} 16. Bxe5 {[%emt 0:00:09]} Rxd1 {[%emt 0:00:02]} 17. Raxd1 {[%emt 0:00:01]} Nc5 {[%emt 0:00:11]} 18. Ra1 {[%emt 0:00:40]} Nfe4 {[%emt 0:00:06]} 19. Rfd1 {[%emt 0:00:10]} f6 {[%emt 0:00:16]} 20. Bd4 {[%emt 0:00:09]} Kf7 {[%emt 0:00:02]} 21. b4 {[%emt 0:00:21]} Nd7 {[%emt 0:00:24]} 22. Re1 {[%emt 0:00:20]} Rc8 {[%emt 0:00:16]} 23. Bxe6+ {[%emt 0:00:10]} Kxe6 {[%emt 0:00:00]} 24. Rxe4+ {[%emt 0:00:04]} Ne5 {[%emt 0:00:14]} 25. f4 {[%emt 0:00:09]} Kd5 {[%emt 0:00:02]} 26. Rae1 {[%emt 0:00:14]} Nd3 {[%emt 0:00:23]} 27. Rxe7 {[%emt 0:00:06]} Nxe1 {[%emt 0:00:03]} 28. Rxe1 {[%emt 0:00:02]} Kc4 {[%emt 0:00:05]} 29. Re7 {[%emt 0:00:10]} 1-0